Normal view
MARC view
Entry Personal Name
001 - CONTROL NUMBER
- control field: 28012
003 - CONTROL NUMBER IDENTIFIER
- control field: ARRUPE
005 - DATE AND TIME OF LATEST TRANSACTION
- control field: 20161213092059.0
008 - FIXED-LENGTH DATA ELEMENTS
- fixed length control field: 161213|| aca||aabn | a|a d
040 ## - CATALOGING SOURCE
- Original cataloging agency: ARRUPE
- Transcribing agency: ARRUPE
100 ## - HEADING--PERSONAL NAME
- Personal name: Shaftesbury, Anthony Ashley Cooper,
- Titles and other words associated with a name: Earl of,
- Dates associated with a name: 1801-1885.
670 ## - SOURCE DATA FOUND
- Source citation: Work cat.: (ARRUPE)0: Shaftesbury, Anthony Ashley Cooper, Earl of, 1801-1885., Speeches of the Earl of Shaftesbury, upon subjects having relations chiefly to the claims and interests of the labouring class., 2005